| 000 | 00528nam a22001817a 4500 | ||
|---|---|---|---|
| 005 | 20251108165340.0 | ||
| 008 | 250721s1987 xx 000 0 ara d | ||
| 082 | 1 | 4 | _a796.3309565/محم |
| 100 | 1 | _aمحمود، محمود محمد | |
| 245 | 1 | 0 | _aآراء حول كرة القدم الأردنية / |
| 264 | 1 |
_aعمان : _bمركز الفارس، _c1987. |
|
| 300 | _a82ص | ||
| 650 | 1 | 7 | _aالألعاب الرياضية |
| 650 | 1 | 7 | _aكرة القدم |
| 650 | 1 | 7 | _aالأردن |
| 942 |
_2ddc _cBK |
||
| 999 |
_c25725 _d25725 |
||